| 000 | 00539nam a22001817a 4500 | ||
|---|---|---|---|
| 005 | 20140507102735.0 | ||
| 010 | _aENG-109831 | ||
| 020 |
_a9789381904732 _c880.00 |
||
| 035 | _aEN-93364 | ||
| 037 | _bDBAD/PUB | ||
| 100 | _aJha, U.C. | ||
| 245 | 0 | 0 |
_aDrone wars : _cby U.C. Jha _bethical, legal and strategic implications / |
| 260 |
_aNew Delhi _bKW Publishers _c2014 |
||
| 270 |
_a4676/21, First Floor, Ansari Road, Daryaganj, _bNew Delhi _e110002 |
||
| 300 |
_axvii,284p. _c23cm(Hb) |
||
| 500 | _aIncludes index | ||
| 942 |
_2ddc _cEN _mJHA |
||
| 999 |
_c83857 _d83857 |
||